000 00424nam a2200181Ia 4500
003 OSt
005 20230627092237.0
008 210423s9999 xx 000 0 und d
040 _cAL
041 _aeng
082 _a294.5
_223
_bNIKH
100 _aNIKHILANANDA (Swami).
_9102485
245 _aHinduism.
260 _aMadras
_bSri Ramakrishna math
_c2001
365 _b45
_cINR
906 _aHinduism.
942 _2ddc
_cBK
999 _c171892
_d171892